Questions aléatoires de géographie - 16 - Statistiques

Statistiques générales
  • Ce quiz a été pris 117 fois
  • Le résultat moyen est 7 sur 15
Statistiques - réponses
Indice Réponse % Correct
Quel pays possède un drapeau en forme de deux petits triangles superposés ? le Népal
74%
Quel est l'ancien nom de Kolkata, aussi écrit कोलकाता en hindi ? Calcutta
73%
Quelle forêt bretonne est connue pour être le lieu de légendes arthuriennes ? Brocéliande
71%
Quel pays moderne est situé sur la région de la Bohême ? la Tchéquie | la république tchèque
71%
Quel "swing-state" américain de 2024 commence par la lettre 'M' ? le Michigan
67%
Avec le cap de Bonne-Espérance et le cap Leeuwin, quel troisième cap fait parti des Grands-Caps marquant le sud des continents du sud de l'équateur ? le Cap Horn
63%
Quel volcan actif célèbre se trouve sur l'île de la Réunion ? le piton de la Fournaise
59%
Quelle baie possède le nom d'une rivière et d'une bataille du nord de la France ? la baie de Somme
53%
Quelle île indonésienne comprend la ville de Medan ? Sumatra
47%
Comment appelle-t-on les habitants de Mayotte ? les mahorais
37%
Quelle chaîne de montagne américaine possédant un homonyme espagnol, comprend la vallée de la mort et le parc Yosemite ? le Sierra Nevada
34%
Quelle est la plus grande montagne d'Amérique du sud ? l Aconcagua
33%
Quelle ville brésilienne est la capitale de l'État du Pernambouc ? Recife
18%
Quelle région naturelle péninsulaire française est célèbre pour son vin ? le Médoc
16%
Quelle région est à cheval sur la Finlande et la Russie ? la Carélie
15%
Aucun quiz correspondant
Distribution des résultats
% des personnes avec chaque résultat
Percentile par nombre de réponses
Votre historique - résultats
Vous n’avez pas pris ce quiz